00624nam a2200169 i 450000100060000000300090000600500170001500700030003200800410003510000470007624501070012326000440023030000220027485200210029699900170031795201200033429533ES-MaACL20230906154041.0t|030122s1906 sp ||||1| spa d1 aBarcia y Pavón, Ángel María.914871410aCatálogo de la colección de dibujos originales de la Biblioteca Nacional / cAngel M. de Barcía. aMadrid : bRevista de Archivos, c1906. a362 p. ; c25 cm. aES-MaACLjC-2369 c29533d29533 00104070aATENEOMbATENEOMcSPALd2008-01-17eSCl0oC-2369p1030489r2023-02-23 00:00:00w2023-02-23yMONOGRAFIA